[Event "Aarhus op"]
[Site "Aarhus"]
[Date "2020.02.15"]
[Round "5"]
[White "Knudsen, Philip Uhre"]
[Black "Oehlerich, Per"]
[Result "0-1"]
[WhiteElo "1779"]
[BlackElo "1935"]
[PlyCount "28"]
[EventDate "2020.02.14"]
[EventType "swiss"]
[EventRounds "7"]
[EventCountry "DEN"]
[SourceTitle "CBM 195 Extra"]
[Source "ChessBase"]
[SourceDate "2020.05.31"]
[SourceVersion "1"]
[SourceVersionDate "2020.05.31"]
[SourceQuality "1"]

1. e4 b6 2. d4 Bb7 3. Nf3 Bxe4 4. Nc3 Bb7 5. Be2 e6 6. 0-0 Nf6 7. Bf4 Be7 8. Re1 0-0 9. Bd3 d6 10. Nd2 Nbd7 11. Nce4 Re8 12. c3 Nf8 13. Qc2 Nd5 14. Be3 f5 0-1

[Event "EU-ch U12"]
[Site "Bratislava"]
[Date "2019.08.03"]
[Round "2"]
[White "Milanovic, Marko"]
[Black "Knudsen, Philip Uhre"]
[Result "1-0"]
[WhiteElo "1942"]
[BlackElo "1590"]
[PlyCount "69"]
[EventDate "2019.08.02"]
[EventType "swiss"]
[EventRounds "9"]
[EventCountry "SVK"]
[SourceTitle "EXT 2020"]
[Source "ChessBase"]
[SourceDate "2019.10.17"]
[SourceVersion "1"]
[SourceVersionDate "2019.10.17"]
[SourceQuality "1"]

1. e4 c5 2. Nf3 e6 3. g3 b6 4. Bg2 Bb7 5. e5 Qc7 6. 0-0 Nc6 7. Re1 g6 8. d3 Bg7 9. Nbd2 Nge7 10. Nc4 Nf5 11. g4 Nfd4 12. Nd6+ Ke7 13. Ng5 Bxe5 14. Nxb7 Bxh2+ 15. Kh1 h5 16. c3 hxg4 17. cxd4 Nxd4 18. Be3 Qe5 19. Qxg4 Nc2 20. Bxc5+ bxc5 21. Rxe5 Bxe5+ 22. Kg1 Nxa1 23. Nxc5 Rab8 24. Qa4 Rhd8 25. d4 Bf4 26. Nh3 Bd6 27. Qd1 Rxb2 28. Qxa1 Rdb8 29. Nb7 Ba3 30. Qc1 Rxa2 31. Qg5+ Ke8 32. Qf6 d5 33. Qh8+ Bf8 34. Bxd5 exd5 35. Qe5+ 1-0

[Event "Varde Weekend Grp2"]
[Site "Varde"]
[Date "2018.05.06"]
[Round "5"]
[White "Rasmussen, Claus"]
[Black "Knudsen, Philip Uhre"]
[Result "1/2-1/2"]
[WhiteElo "1520"]
[BlackElo "1077"]
[PlyCount "35"]
[EventDate "2018.05.04"]
[EventType "tourn"]
[EventRounds "5"]
[EventCountry "DEN"]
[SourceTitle "EXT 2023"]
[Source "ChessBase"]
[SourceDate "2022.10.05"]
[SourceVersion "1"]
[SourceVersionDate "2022.10.05"]
[SourceQuality "1"]

1. d4 d5 2. c4 c6 3. Nc3 e6 4. Nf3 Nf6 5. e3 b6 6. cxd5 cxd5 7. Bd3 Bb7 8. a3 Nbd7 9. 0-0 Ne4 10. Nd2 Nxc3 11. bxc3 Qc7 12. Bb2 Bd6 13. Nf3 e5 14. dxe5 Nxe5 15. Bb5+ Ke7 16. Nd4 g6 17. f4 Nc6 18. Qg4 1/2-1/2